000 00230 a2200109 4500
001 68554
040 _cAnchieta - Itaigara
240 1 0 _aDinossauros 3-D
_l
245 1 0 _aDinossauros 3-D
650 4 _aLiteratura infantil
942 _cMU
999 _c68554
_d68554